000 00809nam a22002177a 4500
999 _c7986
_d7986
003 AR-CdUCM
008 190321b ||||| |||| 00| 0 spa d
020 _a84-206-2138-2
040 _aMUNICIPALIDAD PROVINCIAL DEL CUSCO
_cBIBLIOTECA MUNICIPAL DEL CUSCO
082 _a575.9 /
_bO65
100 _aOrgel, Leslie E
_922565
245 _aLos orígenes de la vida :
_bMoléculas y selección natural /
260 _aMadrid :
_bAlianza,
_c1975.
300 _a241 paginas ;
_c20 cm,
505 _aContenido :El testimonio fósil -- Camino de una solución -- Biología molecular -- La síntesis prebiotica -- De los polímeros duplicativos a las células ...
650 _aVidas
_922566
650 _aOrigen
_915147
700 _aWiey, John y Sons (traductor)
_922567
942 _2ddc
_cLIBROS
945 _arum